000 00847nam a2200217 i 4500
001 180926
003 ES-MaACL
005 20231221205137.0
008 120829s1988 sp |||| | spa d
080 _a821.134.2 Azorín 1.07
080 _a821.133.1 Montaigne, Michel de 1.07
100 0 _aRiopérez y Milá, Santiago.
_997354
245 1 0 _aMontaigne y Azorín
_b: mas allá de una influencia literaria /
_cpor Santiago Riopérez y Milá.
260 _a[S.l.] :
_bCaja de Ahorros de Alicante y Murcia,
_c[1988?]
300 _aP. 179-206 :
_bil. ;
_c24 cm.
595 _aSeparata de Anales Azorinianos / 3. Casa Museo Azorín - Monóvar.
600 1 4 _aMontaigne, Michel de-
_xInfluencia.
_9151371
600 0 4 _aAzorín,
_d1873-1967-
_xCrítica e interpretación
_924328
852 _aES-MaACL
_j2318-F-9
999 _c180926
_d180926